Nueva historia de la nación Argentina
Gespeichert in:
| Körperschaft: | |
|---|---|
| Format: | Buch |
| Sprache: | Spanisch |
| Veröffentlicht: |
Buenos Aires
Planeta
1999
|
| Schlagworte: | |
| Tags: |
Tag hinzufügen
Keine Tags, Fügen Sie den ersten Tag hinzu!
|
MARC
| LEADER | 00000nam a2200000 a 4500 | ||
|---|---|---|---|
| 001 | UCI3381 | ||
| 003 | CL-VaPUC | ||
| 008 | 071026e19990000AG |||||||||||||||||spa|d | ||
| 020 | |a 9504902154v.1 | ||
| 020 | |a 9504902669v.2 | ||
| 020 | |a 9504902499v.5 | ||
| 020 | |a 9504909566v.9 | ||
| 082 | 0 | 4 | |a 982 |b ACA |2 21 |
| 110 | 2 | |a Academia Nacional de la Historia |e author |9 524735 | |
| 245 | 1 | 0 | |a Nueva historia de la nación Argentina |
| 300 | |a v | ||
| 942 | |c BK | ||
| 945 | |d 20071026 00:00:00 |a jtorresc | ||
| 260 | |a Buenos Aires |b Planeta |c 1999 | ||
| 500 | |a v.1: La Argentina aborigen, conquista y colonización | ||
| 500 | |a v.2-3: Período Español 1600 - 1810 | ||
| 500 | |a v.4-5: La configuración de la república independiente 1810 -c.1914 | ||
| 500 | |a v.9-10: La Argentina del siglo XX | ||
| 650 | 7 | |a HISTORIA ARGENTINA SIGLOS 19-20 |2 CL-VaPUC |9 524736 | |
| 650 | 0 | |a Historia política |9 256974 | |
| 650 | 0 | |a Conflictos políticos |9 258265 | |
| 650 | 0 | |a Epoca colonial |9 352022 | |
| 650 | 0 | |a Familias |9 255641 | |
| 650 | 0 | |a Sociedad |9 307903 | |
| 650 | 0 | |a Colonización |9 265172 | |
| 583 | |a last modification |c 20160817 03:33:27 |k Rodrigo Vera | ||
| 999 | |c 327611 |d 327609 | ||
| 952 | |0 0 |1 0 |4 0 |6 982_000000000000000_ACA_1999 |7 0 |8 A |9 410660 |a BIBHIS |b BIBHIS |d 2019-11-22 |h v.1 |i 4382749 |o 982 ACA 1999 |p 4382749 |r 2025-01-20 |w 2019-11-22 |y BK |k HIS | ||
| 952 | |0 0 |1 0 |4 0 |6 982_000000000000000_ACA_1999 |7 0 |8 A |9 410661 |a BIBHIS |b BIBHIS |d 2019-11-22 |h v.2 |i 4382757 |o 982 ACA 1999 |p 4382757 |r 2025-01-20 |w 2019-11-22 |y BK |k HIS | ||
| 952 | |0 0 |1 0 |4 0 |6 982_000000000000000_ACA_1999 |7 0 |8 A |9 410662 |a BIBHIS |b BIBHIS |d 2019-11-22 |h v.3 |i 4382765 |o 982 ACA 1999 |p 4382765 |r 2025-01-20 |w 2019-11-22 |y BK |k HIS | ||
| 952 | |0 0 |1 0 |4 0 |6 982_000000000000000_ACA_1999 |7 0 |8 A |9 410663 |a BIBHIS |b BIBHIS |d 2019-11-22 |h v.4 |i 4382773 |o 982 ACA 1999 |p 4382773 |r 2025-01-20 |w 2019-11-22 |y BK |k HIS | ||
| 952 | |0 0 |1 0 |4 0 |6 982_000000000000000_ACA_1999 |7 0 |8 A |9 410664 |a BIBHIS |b BIBHIS |d 2019-11-22 |h v.5 |i 4382781 |o 982 ACA 1999 |p 4382781 |r 2025-01-20 |w 2019-11-22 |y BK |k HIS | ||
| 952 | |0 0 |1 0 |4 0 |6 982_000000000000000_ACA_1999 |7 0 |8 A |9 410665 |a BIBHIS |b BIBHIS |d 2019-11-22 |h v.6 |i 438279K |o 982 ACA 1999 |p 438279K |r 2025-01-20 |w 2019-11-22 |y BK |k HIS | ||
| 952 | |0 0 |1 0 |4 0 |6 982_000000000000000_ACA_1999 |7 0 |8 A |9 410666 |a BIBHIS |b BIBHIS |d 2019-11-22 |h v.9 |i 4382803 |l 2 |o 982 ACA 1999 |p 4382803 |r 2025-01-20 |s 2024-05-06 |w 2019-11-22 |y BK |k HIS | ||
| 952 | |0 0 |1 0 |4 0 |6 982_000000000000000_ACA_1999 |7 0 |8 A |9 410667 |a BIBHIS |b BIBHIS |d 2019-11-22 |h v.10 |i 4382811 |o 982 ACA 1999 |p 4382811 |r 2025-01-20 |w 2019-11-22 |y BK |k HIS | ||